000 00606nam a2200229Ia 4500
003 OSt
005 20220918191841.0
006 a|||||r|||| 00| 0
007 ta
008 220917b |||||||| |||| 00| 0 eng d
024 _a65,380
037 _cTextual
040 _aARTS
_cARTS
_beng
041 _2eng
_aeng
082 _aR170j3, L7
100 _aChaudhury Parvas Jivan
_977347
245 0 _aScience society and metaphysics
260 _aIndia
_bminerva Pub
_c1977
650 _aPHILOSOPHY
942 _hR170j3, L7
_cTEXL
_2CC
999 _c191623
_d191623